|
|
|
|
| LEADER |
01065nam a2200289 a 4500 |
| 001 |
39920 |
| 003 |
BD-DhAAL |
| 008 |
221102t1998 enka b 001 0 eng d |
| 999 |
|
|
|c 44879
|d 44879
|
| 010 |
|
|
|a 97040210
|
| 020 |
|
|
|a 9780415178921
|
| 020 |
|
|
|a 0415178916
|
| 020 |
|
|
|a 0415178924 (pbk.)
|
| 040 |
|
|
|a DLC
|c DLC
|d DLC
|d BD-DhAAL
|
| 050 |
0 |
0 |
|a HB171.5
|b .V38 1998
|
| 082 |
0 |
0 |
|a 330
|2 23
|
| 100 |
1 |
|
|a Varoufakis, Yanis.
|9 52135
|
| 245 |
1 |
0 |
|a Foundations of economics :
|b a beginner's companion /
|c Yanis Varoufakis.
|
| 260 |
|
|
|a London ;
|a New York :
|b Routledge,
|c 1998.
|
| 300 |
|
|
|a xxii, 396 pages :
|b illustrations ;
|c 24 cm.
|
| 504 |
|
|
|a Includes bibliographical references (pages [382]-385) and indexes.
|
| 526 |
|
|
|a BIGD
|
| 541 |
|
|
|a Book Finder International
|e 39920
|
| 650 |
|
0 |
|a Economics.
|9 52136
|
| 852 |
|
|
|a Ayesha Abed Library
|c General Stacks
|
| 942 |
|
|
|2 ddc
|c BK
|
| 952 |
|
|
|0 0
|1 0
|2 ddc
|4 0
|6 330_000000000000000_VAR
|7 0
|9 72193
|a IGS
|b IGS
|c GEN
|d 2022-10-27
|e Book Finder International
|g 2753.10
|l 0
|o 330 VAR
|p 3010039920
|r 2022-10-27
|t 1
|v 2753.10
|w 2022-10-27
|y BK
|